| 000 | 00569nam a2200169 i 4500 | ||
|---|---|---|---|
| 001 | 146806 | ||
| 003 | ES-MaACL | ||
| 005 | 20230906201657.0 | ||
| 007 | t| | ||
| 008 | 070918s1971 sp ||||1| spa d | ||
| 100 | 1 |
_aTrujillo Cabrera, José. _9111572 |
|
| 245 | 1 | 0 |
_aMi Don Antonio José Ruiz de Padrón / _cJosé Trujillo Cabrera ; prólogo de Marcos Guimerá Pedraza. |
| 260 |
_aSanta Cruz de Tenerife : _b[Gráf. Goya], _c1971. |
||
| 300 |
_aXXIII, 322 p. : _bil. ; _c22 cm. |
||
| 700 | 1 |
_aGuimerá Peraza, Marcos. _960847 |
|
| 852 |
_aES-MaACL _jC-45178 _bR.79220 |
||
| 999 |
_c146806 _d146806 |
||